Statistiques concernant Capitales difficiles à connaître

Cliquez ici pour prendre le quiz!

Statistiques générales

  • Ce quiz a été pris 119 fois
  • Le résultat moyen est 39 sur 67

Statistiques - réponses

PaysCapitale% Correct
ArménieErevan
87%
NépalKatmandou
86%
AngolaLuanda
82%
ZimbabweHarare
75%
BahamasNassau
75%
GéorgieTbilissi
75%
Sierra LeoneFreetown
74%
Costa RicaSan José
74%
GuinéeConakry
73%
TogoLomé
71%
MaldviesMalé
69%
OmanMascate
69%
TchadN'Djaména
69%
YémenSanaa
69%
SeychellesVictoria
69%
Cap-VertPraia
68%
KirghizistanBichkek
67%
GuyanaGeorgetown
67%
NicaraguaManagua
67%
NigeriaAbuja
66%
OuzbékistanTachkent
66%
BahreïnManama
65%
MozambiqueMaputo
65%
NamibieWindhoek
65%
BéninPorto-Novo
64%
République CentrafricaineBangui
62%
Timor OrientalDili
62%
BotswanaGaborone
62%
SomalieMogadiscio
62%
Papouasie-Nouvelle-GuinéePort Moresby
62%
ÉrythréeAsmara
60%
BruneiBandar Seri Begawan
60%
ZambieLusaka
60%
RwandaKigali
59%
TurkménistanAchgabat
58%
OugandaKampala
58%
ComoresMoroni
58%
SurinameParamaribo
57%
GambieBanjul
56%
BarbadeBridgetown
56%
TanzanieDodoma
56%
Eswatini / SwazilandMbabane
56%
Antigua-et-BarbudaSaint John's
56%
Tadjikistan
Douchanbé
55%
LiberiaMonrovia
55%
FidjiSuva
55%
Soudan du SudDjouba / Juba
53%
MalawiLilongwe
53%
Saint-Vincent-et-les-GrenadinesKingstown
52%
LesothoMaseru
52%
Trinité-et-TobagoPort-d'Espagne
50%
BurundiGitega
49%
Guinée équatorialeMalabo
47%
Sainte-LucieCastries
46%
GrenadeSaint-Georges
46%
NauruYaren
46%
TuvaluFunafuti
44%
MicronésiePalikir
44%
SamoaApia
43%
VanuatuPort-Vila
43%
Îles SalomonHoniara
39%
Saint-Christophe-et-NiévèsBasseterre
38%
PalaosMelekeok / Ngerulmud
35%
Sri LankaSri Jayawardenapura Kotte
35%
Îles MarshallMajuro / Delap-Uliga-Darrit
34%
TongaNuku'alofa
30%
KiribatiTarawa-Sud
23%

Distribution des résultats

Percentile par nombre de réponses

% des personnes avec chaque résultat

Votre développement - résultats

Vous n’avez pas pris ce quiz